A. Dupaľ: Výroba je základom reprodukčného procesu trendy v manažmente výroby na Slovensku a Corporate Governance

Druhá časť výťahu z prednášky Andreja Dupaľa, vedúceho Katedry manažmentu výroby a logistiky Ekonomickej univerzity na seminári organizovanom Centrom pre hospodársky rozvoj. Novšie vývojové trendy v manažmente výroby (MRP, JIT, OPT, BOA, Kaizen, Lean production, benchmarking). Priority strategického...

Ausführliche Beschreibung

Gespeichert in:
Bibliographische Detailangaben
1. Verfasser: Móricová, Eva
Format: Buchkapitel
Sprache:Slowakisch
Schlagworte:
Tags: Tag hinzufügen
Keine Tags, Fügen Sie das erste Tag hinzu!

MARC

LEADER 00000naa a2200000 4500
001 r038263
005 20230824105136.8
041 0 |a slo 
044 |a SK 
245 1 0 |a A. Dupaľ: Výroba je základom reprodukčného procesu  |b trendy v manažmente výroby na Slovensku a Corporate Governance  |c Eva Móricová 
520 |a Druhá časť výťahu z prednášky Andreja Dupaľa, vedúceho Katedry manažmentu výroby a logistiky Ekonomickej univerzity na seminári organizovanom Centrom pre hospodársky rozvoj. Novšie vývojové trendy v manažmente výroby (MRP, JIT, OPT, BOA, Kaizen, Lean production, benchmarking). Priority strategického smerovania v rozvoji manažmentu výroby na Slovensku. 
610 2 0 |a riadenie výroby 
610 2 0 |a manažment 
610 2 0 |a výroba 
610 2 0 |a rozvoj podniku 
610 2 0 |a stratégia podniková 
610 2 0 |a logistika 
610 2 0 |a riadenie kvality 
610 2 0 |a systémy riadenia 
610 2 0 |a MRP 
610 2 0 |a JIT 
610 2 0 |a OPT 
610 2 0 |a BOA 
610 2 0 |a Kaizen 
610 2 0 |a kanban 
610 2 0 |a výroba štíhla 
610 2 0 |a benchmarking 
610 2 0 |a podnikanie 
610 2 0 |a Slovensko 
610 2 0 |a semináre 
610 2 0 |a prednášky 
100 1 |a Móricová, Eva